Văn hóa Nhật Bản - Những ảnh hưởng từ Trung Hoa (Thời cổ trung đại)

Tổng quan đất nước, con người Nhật Bản. Văn hóa Nhật Bản - Những ảnh hưởng từ Trung Hoa

שמור ב:
מידע ביבליוגרפי
מחבר ראשי: Trần, Đình Ánh
מחברים אחרים: Nguyễn, Văn Đoàn Th.S (Hướng dẫn)
פורמט: ספר
שפה:Vietnamese
יצא לאור: Đại học Đà Nẵng Trường đại học Sư Phạm 2007
סדרה:Khóa luận tốt nghiệp đại học. Chuyên ngành: Sư phạm Sử
נושאים:
תגים: הוספת תג
אין תגיות, היה/י הראשונ/ה לתייג את הרשומה!
Thư viện lưu trữ: Mạng thư viện Đại học Đà Nẵng
LEADER 01461nam a2200349 4500
001 000012362
003 8657
005 20120220080251.0
008 120220s2007 viesd
041 |a vie 
072 |a Khóa luận tốt nghiệp 
082 |a 909.952  |b TR-A 
100 |a Trần, Đình Ánh 
245 |a Văn hóa Nhật Bản - Những ảnh hưởng từ Trung Hoa (Thời cổ trung đại)  |c Trần, Đình Ánh 
260 |a Đại học Đà Nẵng  |b Trường đại học Sư Phạm  |c 2007 
300 |a 50 tr.  |b hình mhọa  |c 29 cm 
490 |a Khóa luận tốt nghiệp đại học. Chuyên ngành: Sư phạm Sử 
500 |a Tham khảo tr.50 + phụ lục [12 tr.] 
520 |a Tổng quan đất nước, con người Nhật Bản. Văn hóa Nhật Bản - Những ảnh hưởng từ Trung Hoa 
653 |a Khóa luận tốt nghiệp đại học 
653 |a Khoa Lịch Sử 
700 |a Nguyễn, Văn Đoàn  |c Th.S  |e Hướng dẫn 
OWN |a LSP 
AVA |a UDN50  |b LSP  |d 909.952 TR-A  |e available  |t Error 5001 Not defined in file expand_doc_bib_avail.  |f 1  |g 0  |h N  |i 0  |k 1 
999 |a From the UDN01 
AVA |a UDN50  |b LSP  |d 909.952 TR-A  |e available  |t Error 5001 Not defined in file expand_doc_bib_avail.  |f 1  |g 0  |h N  |i 0  |k 1 
TYP |a Monograph 
TYP |a Printed language 
980 |a Mạng thư viện Đại học Đà Nẵng